[Event "Ruhrgebiet Verbandsklasse Gruppe 2 1516"]
[Site "Germany"]
[Date "2015.09.06"]
[Round "1.7"]
[White "Mueller, Boris"]
[Black "Schuetz, Ralf"]
[Result "1-0"]
[WhiteElo "1765"]
[BlackElo "1751"]
[PlyCount "83"]
[EventDate "2015.09.06"]
[EventType "team-tourn"]
[EventRounds "9"]
[EventCountry "GER"]
[SourceTitle "EXT 2022"]
[Source "ChessBase"]
[SourceDate "2021.10.06"]
[SourceVersion "1"]
[SourceVersionDate "2021.10.06"]
[SourceQuality "1"]
[WhiteTeam "Essen SK Germania Kupferdreh"]
[BlackTeam "Boenen SV"]
[WhiteTeamCountry "GER"]
[BlackTeamCountry "GER"]

1. e4 e6 2. d4 d5 3. exd5 exd5 4. Bd3 Nc6 5. Nf3 Bg4 6. Be3 Nf6 7. 0-0 Bd6 8. c3 Bh5 9. h3 Qd7 10. Re1 0-0-0 11. a4 Rdg8 12. a5 Nb8 13. Qc2 Bg6 14. Ne5 Bxd3 15. Qxd3 Bxe5 16. dxe5 Ne4 17. Bxa7 Re8 18. Bxb8 Kxb8 19. Rxe4 Qf5 20. Re3 Rxe5 21. Qxf5 Rxf5 22. Nd2 Rd8 23. Nf3 c5 24. Rae1 Rd6 25. b4 d4 26. cxd4 cxb4 27. Rb3 Rxa5 28. Rxb4 f6 29. Re8+ Ka7 30. Re7 Rb6 31. Rxb6 Kxb6 32. Rxg7 Ra1+ 33. Kh2 Ka6 34. Rf7 b5 35. Rxf6+ Ka5 36. Rf7 Rd1 37. Rxh7 b4 38. Rb7 Rb1 39. h4 Ka6 40. Rd7 b3 41. Nd2 Rb2 42. Nxb3 1-0

[Event "Ruhrgebiet VK3 1112"]
[Site "Nordrheinwestfalen"]
[Date "2011.12.11"]
[Round "4"]
[White "Rathke, Dieter"]
[Black "Mueller, Boris"]
[Result "0-1"]
[WhiteElo "1612"]
[BlackElo "1683"]
[PlyCount "53"]
[EventDate "2012.09.18"]
[EventType "team-tourn"]
[EventRounds "9"]
[EventCountry "GER"]
[SourceTitle "EXT 2020"]
[Source "ChessBase"]
[SourceDate "2019.10.17"]
[SourceVersion "1"]
[SourceVersionDate "2019.10.17"]
[SourceQuality "1"]
[WhiteTeam "Ickern"]
[BlackTeam "Germania Kupferdreh"]
[WhiteTeamCountry "GER"]
[BlackTeamCountry "GER"]

1. Nf3 Nc6 2. c4 e5 3. Nc3 Nf6 4. d4 exd4 5. Nxd4 Bc5 6. e3 d5 7. Nb3 Bb4 8. a3 Bxc3+ 9. bxc3 0-0 10. cxd5 Nxd5 11. c4 Nb6 12. Qc2 Qg5 13. e4 Qg6 14. f4 Re8 15. Bd3 Bf5 16. 0-0 Bxe4 17. f5 Qg4 18. Rf4 Bxd3 19. Qxd3 Qh5 20. Bb2 Rad8 21. Qg3 Ne5 22. Nc5 Nbxc4 23. Rxc4 Rd1+ 24. Rxd1 Qxd1+ 25. Kf2 Qd2+ 26. Kf1 Qxb2 27. Qc3 0-1